Gaming Quiz

Random Gaming or Pokémon Quiz

Top Pokemon by Scrabble Score (Gen 3) Quiz Stats

Quiz not verified by Sporcle

Challenge
Share
Tweet
Embed
Score 0/38 Timer 06:00
0 Plays Today
score pokemon % Correct
29Rayquaza
84.6%
23Blaziken
82.9%
15Swampert
79.5%
29Zigzagoon
73.5%
18Marshtomp
71.8%
19Combusken
66.7%
17Deoxys
60.7%
18Mightyena
55.6%
18Zangoose
55.6%
19Jirachi
54.7%
15Regirock
54.7%
15Mudkip
53.8%
19Poochyena
53%
16Hariyama
49.6%
15Electrike
48.7%
15Manectric
47%
17Makuhita
46.2%
15Vigoroth
45.3%
17Beautifly
44.4%
score pokemon % Correct
15Vibrava
44.4%
17Exploud
42.7%
16Carvanha
42.7%
21Masquerain
39.3%
15Whismur
38.5%
19Nuzleaf
37.6%
15Crawdaunt
37.6%
15Trapinch
37.6%
16Shiftry
36.8%
19Shedinja
35.9%
18Ninjask
34.2%
18Corphish
32.5%
18Medicham
32.5%
17Shroomish
31.6%
16Azurill
30.8%
15Castform
26.5%
19Whiscash
25.6%
17Barboach
23.9%
20Chimecho
23.1%

You're not logged in!

Compare scores with friends on all Sporcle quizzes.
Join for Free
OR
Log In

You Might Also Like...

Show Comments

Extras

Top Quizzes Today


Score Distribution

Your Account Isn't Verified!

In order to create a playlist on Sporcle, you need to verify the email address you used during registration. Go to your Sporcle Settings to finish the process.

Report this User

Report this user for behavior that violates our Community Guidelines.

Details: